| 000 | 00754nam a2200217 i 4500 | ||
|---|---|---|---|
| 001 | 23885 | ||
| 003 | ES-MaACL | ||
| 005 | 20251015063042.0 | ||
| 007 | t| | ||
| 008 | 021213s1949 sp ||||1| cat d | ||
| 100 | 1 |
_aCatalà, Víctor, _d1869-1966 _937006 |
|
| 245 | 1 | 0 |
_aOmbrívoles _b: narracions / _cVíctor Catalá (seud.). |
| 250 | _a[3ª ed.]. | ||
| 260 |
_aBarcelona : _bAymá, _c1949 ( _fJ. Bertrand) |
||
| 300 |
_a103 p. ; _c17 cm. |
||
| 490 | 1 |
_aCol.lecció literaria Aymá ; _v7 |
|
| 505 | 8 | _aContiene: Conformitat. La"tomia" de l'Estrany. La fi dels tres. Animes mudes. Sota el cel. Creu i ratlla | |
| 830 | 0 |
_aCol.lecció literaria Aymá ; _v7 _9182705 |
|
| 852 |
_aES-MaACL _j1791-F-21 _bR.26791 |
||
| 999 |
_c23885 _d23885 |
||